<?xml version="1.0" encoding="UTF-8"?>
<record
    xmlns:xsi="http://www.w3.org/2001/XMLSchema-instance"
    xsi:schemaLocation="http://www.loc.gov/MARC21/slim http://www.loc.gov/standards/marcxml/schema/MARC21slim.xsd"
    xmlns="http://www.loc.gov/MARC21/slim">

  <leader>00989nam a2200229 a 4500</leader>
  <controlfield tag="001">BRCA_4106</controlfield>
  <controlfield tag="005">20190320204540.0</controlfield>
  <controlfield tag="008">230310s2008----mx-a######---#000-0#spa-#</controlfield>
  <datafield tag="020" ind1=" " ind2=" ">
    <subfield code="a">9786072001794</subfield>
  </datafield>
  <datafield tag="041" ind1=" " ind2=" ">
    <subfield code="a">spa</subfield>
  </datafield>
  <datafield tag="044" ind1=" " ind2=" ">
    <subfield code="a">mx</subfield>
  </datafield>
  <datafield tag="050" ind1=" " ind2="4">
    <subfield code="a">TP919</subfield>
    <subfield code="b">.A77 2008</subfield>
  </datafield>
  <datafield tag="100" ind1="1" ind2=" ">
    <subfield code="a">Arroyo Ortiz, Leticia</subfield>
    <subfield code="d">1938-</subfield>
    <subfield code="9">10627</subfield>
  </datafield>
  <datafield tag="245" ind1="1" ind2="0">
    <subfield code="a">Tintes naturales mexicanos</subfield>
    <subfield code="b">su aplicaci&#xF3;n en algod&#xF3;n, henequ&#xE9;n y lana</subfield>
    <subfield code="c">textos e ilustraciones Leticia Arroyo Ortiz.</subfield>
  </datafield>
  <datafield tag="260" ind1=" " ind2=" ">
    <subfield code="a">M&#xE9;xico</subfield>
    <subfield code="b">UNAM, Escuela Nacional de Artes Pl&#xE1;sticas</subfield>
    <subfield code="c">2008</subfield>
  </datafield>
  <datafield tag="300" ind1=" " ind2=" ">
    <subfield code="a">183 p.</subfield>
    <subfield code="b">il. (algunas a color)</subfield>
    <subfield code="c">28 cm.</subfield>
  </datafield>
  <datafield tag="500" ind1=" " ind2=" ">
    <subfield code="a">Incluye &#xED;ndice de ilustraciones de Leticia Arroyo, &#xED;ndice de ilustraciones de c&#xF3;dices y otros textos, relaci&#xF3;n de nombres cient&#xED;ficos que aparecen en la obra, compendio ilustrado de t&#xE9;rminos bot&#xE1;nicos, glosario y bit&#xE1;cora de los viajes</subfield>
  </datafield>
  <datafield tag="504" ind1=" " ind2=" ">
    <subfield code="a">Bibliograf&#xED;a: p. 181-183</subfield>
  </datafield>
  <datafield tag="650" ind1="1" ind2="4">
    <subfield code="a">Tintes y te&#xF1;ido</subfield>
    <subfield code="z">M&#xE9;xico</subfield>
    <subfield code="9">10628</subfield>
  </datafield>
  <datafield tag="650" ind1="1" ind2="4">
    <subfield code="a">Plantas tintoreas</subfield>
    <subfield code="9">10629</subfield>
  </datafield>
  <datafield tag="942" ind1=" " ind2=" ">
    <subfield code="2">lcc</subfield>
    <subfield code="c">B</subfield>
  </datafield>
  <datafield tag="999" ind1=" " ind2=" ">
    <subfield code="c">3824</subfield>
    <subfield code="d">3824</subfield>
  </datafield>
  <datafield tag="952" ind1=" " ind2=" ">
    <subfield code="0">0</subfield>
    <subfield code="1">0</subfield>
    <subfield code="4">0</subfield>
    <subfield code="7">0</subfield>
    <subfield code="a">BRCA</subfield>
    <subfield code="b">BRCA</subfield>
    <subfield code="d">2010-03-22</subfield>
    <subfield code="l">0</subfield>
    <subfield code="o">TP919 .A77 2008</subfield>
    <subfield code="p">02048</subfield>
    <subfield code="r">2019-03-22 00:00:00</subfield>
    <subfield code="w">2019-03-22</subfield>
    <subfield code="y">B</subfield>
  </datafield>
</record>
